000 01078nam a22003257a 4500
003 CHAP
005 20220329143713.0
008 110307s1989 us a r 00010 eng d
010 _a100595
011 _a101567
020 _a0471509744
035 _a112255
040 _cCHAP
082 0 4 _a542
_bV27
100 1 _aVanCleave, Janice Pratt.
_9117843
245 1 0 _aChemistry for every kid :
_b101 easy experiments that really work
_c/por Janice Pratt VanCleave
260 _aNew York :
_bJohn Wiley & Sons,
_cc1989
300 _axx, 232 p. :
_bilus.
490 4 _aThe Janice VanCleave science for every kid
590 _aBATCH-UPD
_b10
_c20130110
_lUCH01
_h2018
590 _aBATCH-UPD
_b10
_c20130410
_lUCH01
_h1337
590 _aBATCH-UPD
_b10
_c20130914
_lUCH01
_h1950
590 _aCONVERSION
_b10
_c20130109
_lUCH01
_h1355
650 1 4 _aQuĂ­mica
_xExperimentos.
_993560
830 4 _aThe Janice VanCleave science for every kid
_9112671
901 _aBK
911 _aen proceso
942 _cLIBRO
949 _a542 V57
_bBC
_cLIBRO
_d33724002237736
_eLIBRO
_h114337
_i112255
_sb
999 _c100595
_d100595